000
00309nam a2200109Ia 4500
008
180305s9999 xx 000 0 und d
020
_a
9717170770
100
_a
Miniard, Linda
245
_c
Linda Miniard
_a
Games that Teach/
260
_a
Makati City
_b
Church Strengthening Ministry/
_c
1997
300
_a
112 Pages
999
_c
356093
_d
356093